Niñez en situación de Calle. Un modelo de prevención de las farmacodependencias basadeo en los derechos humanos.

Bibliographic Details
Main Author: Forselledo, Ariel Gustavo
Format: Libro
Language:English
Published: Santiago, Chile Gobierno de Chile 2002

MARC

LEADER 00000cam a2200000 a 4500
001 013238
003 UAHC_CL
005 20170803121011.0
008 021031b xx j 000 1 eng
040 |a UAHC_CL  |c UAHC_CL  |d UAHC_CL 
100 1 |a Forselledo, Ariel Gustavo 
245 1 0 |a Niñez en situación de Calle. Un modelo de prevención de las farmacodependencias basadeo en los derechos humanos. 
260 |b Gobierno de Chile  |c 2002  |a Santiago, Chile 
300 |a 49 p. 
900 |a 362.7 FORS 
942 |c BK 
952 |0 0  |1 0  |2 ddc  |4 0  |6 362_700000000000000_FORS  |7 0  |8 General  |9 26705  |a BC  |b BC  |c General  |d 2017-08-03  |l 0  |o 362.7 FORS  |p 1333991  |r 2026-01-13 00:00:00  |t 1  |w 2017-08-03  |y BK  |z Manchas de húmedad 
999 |c 13238  |d 13238